000 00669nam a2200217 a 4500
001 000034606
005 20200930073807.0
008 111010s2003 sp 000 0 spa d
020 _a8497644565
040 _aDO-SdBNP
_bspa
_cBNPHU
082 _axxxx
_bT128c
100 1 _aEsopo
_d620-550 a. de C.
_960046
240 1 0 _aLes fables
_lEspañol
245 1 3 _aFábulas completas /
_cEsopo.
260 _aMadrid :
_bEDIMAT Libros,
_c2003.
300 _a89 p. ;
_c19 cm.
490 1 _aClásicos de la literatura.
_aNarrativa
500 _aTraducido del francés
500 _aIncluye notas al pie de las páginas
830 0 _aClásicos de la literatura.
_pNarrativa
_960047
999 _c34097
_d34097